000
00341 a2200157 4500
001
57155
020
_a
8508089570
040
_c
Anchieta - Pituba
100
_a
Brezina, Thomas
240
1
0
_a
Boazinha? nem pensar!
_l
por
245
1
0
_a
Boazinha? nem pensar!
300
_a
86
362
0
_a
2003
650
4
_a
Literatura juvenil
942
_c
BK
999
_c
57155
_d
57155